01433aab a2200181 4500001001000000003001000010005001700020008004100037022001400078040004100092041000800133100002500141245006600166300006100232520085300293653001501146773009001161768714001CO-MdFUSB20240614145422.0170524s2001 cr ||||| |||| 00| 0 spa d a1409-1968 aCO-MdFUSBbspacCO-MdFUSBdCO-MdFUSB aspa1 aYoung, Joséeautor10aInquietudes sobre la disciplina en la iglesiac/ José Young aVolumen 18. Número 2 (2001), páginas 32-38c: 27 cm. aHay pocos temas más delicados para la vida de la iglesia que el tema de la disciplina. No tanto porque sea dificil de comprender, sino por la inmensa variedad de interpretaciones (o distorsiones) en la práctica del tema. Es porque , como iglesia, vivimos una tensión entre la necesidad de ser santa, pura y la necesidad de amar, aceptar, perdonar. La congregación que pone mucho énfasis en la "santidad", en la necesidad de separarse del mal, fácilmente llega a ser como una "secta" que rechaza a todos menos los que piensan exactamente como ellos. Seguramente saben que no vivimos bajo la ley, sin embargo, su sistema de interpretación, su defensa de las tradiciones que recibieron de los misioneros o de la generación pasada, llega a ser como una ley. Y ¡ay del hermano que se atreva a pasar por encima de los límites trazados. aDisciplina0 tApuntes Pastorales049442gVolumen 18, número 2 (2001), página 32-38qPágina 32